Layang-layang kapal
| Main Author: | |
|---|---|
| Format: | Book |
| Published: |
Petaling Jaya :
Eastview Publications ,
1993
|
| Series: | Siri Moral Bacaan Eastview
|
| Subjects: |
MARC
| LEADER | 00000cam a2200000 7i4500 | ||
|---|---|---|---|
| 001 | 0000000435 | ||
| 002 | 000000513 | ||
| 005 | 20000330.0 | ||
| 020 | |a 9676002771 | ||
| 090 | 0 | 0 | |a JF |b AMI |
| 100 | 0 | |a Aminhad | |
| 245 | 1 | 0 | |a Layang-layang kapal |c Aminhad |
| 260 | |a Petaling Jaya : |b Eastview Publications , |c 1993 | ||
| 300 | |a 56p : |b ill ; |c 20cm. | ||
| 490 | 0 | |a Siri Moral Bacaan Eastview | |
| 650 | 0 | 0 | |a Children's stories |
| 999 | |a 029390 |b BUKU |c PINJAMAN |e PERPUSTAKAAN KOMUNITI PETALING JAYA | ||